Biblioteca

Had some pigs (Registro nro. 49222)

Detalles MARC
000 -LÍDER
Campo fijo de descripción fija 00771nam a2200253 i 4500
001 - NÚMERO DE CONTROL
Campo de control BINCO
003 - IDENTIFICADOR DEL NÚMERO DE CONTROL
Campo de control CO-MdBIC
005 - FECHA Y HORA DE LA ULTIMA TRANSACCIÓN
control field 20200319152001.0
008 - ELEMENTOS DE LONGITUD FIJA -- INFORMACIÓN GENERAL
Campo fijo de descripción fija -- Información general 200319t2002 uk a||ab |||| 00| 0 eng d
020 ## - NÚMERO INTERNACIONAL NORMALIZADO PARA LIBROS
Número Internacional Normalizado del libro 0-75257-607-0
040 ## - FUENTE DE CATALOGACIÓN
Agencia de catalogación original CO-MdBIC
Idioma de catalogación spa.
Agencia que realiza la transcripción CO-MdBIC
Agencia que realiza la modificación CO-MdBIC
041 ## - CÓDIGO DE IDIOMA
Código de idioma para texto/pista de sonido o título separado eng
082 04 - NÚMERO DE CLASIFICACIÓN DECIMAL DEWEY
Número de clasificación 813C
Número de la edición del Dewey 22
Clave de autor-Numero de item B33o
100 1# - ASIENTO PRINCIPAL--NOMBRE PERSONAL
Nombre personal Baxter, Nicola
Título de una obra Had some pigs
245 10 - TÍTULO
Título del Material Had some pigs
Mención de responsabilidad, etc. / Nicola Baxter ; Caroline Davis ; Parragon
264 ## - PRODUCCIÓN, PUBLICACIÓN, DISTRIBUCIÓN, MANUFACTURA, Y COPYRIGHT
Lugar de producción, publicación, distribución, manufactura USA :
Nombre del productor, publicador, distribuidor Parragon ;
Fecha de producción, publicación, distribución, manufactura, o copyright ©2002
300 ## - DESCRIPCIÓN FÍSICA
Extensión [24 páginas] :
Otros detalles físicos Ilustraciones a color ,
Dimensiones 16 cm.
490 ## - MENCIÓN DE SERIE
Mención de serie Old MacDonald
500 ## - NOTA GENERAL
Nota General Para niños de 4 a 7 años
650 14 - ASIENTO SECUNDARIO DE MATERIA - TERMINO TEMÁTICO
Término temático o nombre geográfico como elemento de entrada Cuentos Infantiles estadounidenses
700 ## - ASIENTO SECUNDARIO - NOMBRE PERSONAL
Nombre personal Baxter, Nicola
Responsabilidad Escritor
700 ## - ASIENTO SECUNDARIO - NOMBRE PERSONAL
Nombre personal Davis, Caroline
Responsabilidad Ilustrador
942 ## - TIPO DE MATERIAL (KOHA)
Tipo de Item KOHA Z- Libro General BINCO
Existencias
Estado de Material Estado de Perdido Forma de Clasificación Estado de Dañado No para Préstamo Colección Tomo Biblioteca de Origen Biblioteca Permanente Ubicación en Estantería Fecha de Adquisición Área Total de Préstamos Signatura Topográfica Código de Barras Última vez visto Ejemplar/Existencia Fecha de Remplazo Tipo de Material
    Dewey Decimal Classification     Colección Junior   Biblioteca Infantil Comunitaria BINCO Biblioteca Infantil Comunitaria BINCO Inglés 14/09/2009 BINCO   813C B33o B32682 24/11/2016 1 26/01/2016 Z- Libro General BINCO

Biblioteca FUSBC | Teléfono: (57+4) 349 88 10 Ext. 141| WhatsApp (+57) 3005338115 
E-mail: biblioteca@unisbc.edu.co | Calle 76 87-14 Robledo Palenque, Medellín, Colombia

Con tecnología Koha